000 00738nam a2200229 i 4500
001 18335
003 ES-MaACL
005 20260115063023.0
007 t|
008 011011s2000 sp ||||1| spa d
020 _a84-7290-154-8
080 _a32(081)Arendt, Hannah
100 1 _aArendt, Hannah,
_d1906-1975
_9242687
245 1 0 _aTres escritos en tiempo de guerra /
_cHannah Arendt ; [introducción y coordinación] Anna Masó.
260 _aBarcelona :
_bBellaterra,
_c[2000]
300 _a105 p. ;
_c22 cm.
490 1 _aLa biblioteca del ciudadano
700 1 _aMasó Monclús, Anna.
_978745
830 0 _aLa biblioteca del ciudadano
_9180475
852 _aES-MaACL
_jL-24986
_bR.130358
999 _c18335
_d18335